[Event "NED-chT Promotion Liga 1"]
[Site "Netherlands"]
[Date "2021.06.19"]
[Round "2.1"]
[White "De Rover, Yong Hoon"]
[Black "Floor, Dirk"]
[Result "1-0"]
[WhiteElo "2349"]
[BlackElo "2192"]
[PlyCount "73"]
[EventDate "2021.06.12"]
[EventType "team-k.o."]
[EventRounds "2"]
[EventCountry "NED"]
[SourceTitle "EXT 2024"]
[Source "ChessBase"]
[SourceDate "2023.10.10"]
[SourceVersion "1"]
[SourceVersionDate "2023.10.10"]
[SourceQuality "1"]
[WhiteTeam "De Waagtoren"]
[BlackTeam "Paul Keres II"]
[WhiteTeamCountry "NED"]
[BlackTeamCountry "NED"]

1. e4 c5 2. Nf3 d6 3. d4 cxd4 4. Nxd4 Nf6 5. f3 e5 6. Nb3 Be6 7. c4 Nbd7 8. Be3 Rc8 9. N3d2 a6 10. Nc3 Be7 11. Be2 0-0 12. 0-0 Nh5 13. Re1 Bh4 14. g3 Nxg3 15. hxg3 Bxg3 16. Kg2 Bf4 17. Bxf4 exf4 18. Rh1 Qg5+ 19. Kf1 Qg3 20. Qe1 Bh3+ 21. Rxh3 Qxh3+ 22. Kg1 Rfe8 23. Bf1 Qh5 24. Nd5 Ne5 25. Qf2 Ng6 26. Qh2 Qe5 27. Bh3 Qxb2 28. Rb1 Qd4+ 29. Qf2 Qxf2+ 30. Kxf2 Rc5 31. Rxb7 Ne5 32. Nxf4 Nxc4 33. Nb3 Rb5 34. Ra7 Reb8 35. Nd5 Na5 36. Nd4 Rb2+ 37. Kg3 1-0

[Event "Dieren op"]
[Site "Dieren"]
[Date "2019.07.23"]
[Round "1"]
[White "David, Alberto"]
[Black "Floor, Dirk"]
[Result "1-0"]
[WhiteElo "2553"]
[BlackElo "2184"]
[PlyCount "73"]
[EventDate "2019.07.23"]
[EventType "swiss"]
[EventRounds "9"]
[EventCountry "NED"]
[SourceTitle "CBM 191 Extra"]
[Source "ChessBase"]
[SourceDate "2019.09.30"]
[SourceVersion "1"]
[SourceVersionDate "2019.09.30"]
[SourceQuality "1"]

1. e4 c6 2. Nf3 d5 3. Nc3 Nf6 4. e5 Ne4 5. Be2 Bf5 6. 0-0 e6 7. d3 Nxc3 8. bxc3 c5 9. Rb1 b6 10. d4 Nd7 11. c4 Be7 12. cxd5 exd5 13. dxc5 Nxc5 14. Nd4 Bd7 15. Bf3 Ne4 16. Bb2 Rc8 17. Qe2 0-0 18. c4 Bb4 19. Rfd1 Ba4 20. cxd5 Bxd1 21. Rxd1 Nc3 22. Bxc3 Bxc3 23. Nc6 Qg5 24. h4 Qxh4 25. Qe3 Bb2 26. Rb1 Rxc6 27. dxc6 Bd4 28. Rb4 Bxe3 29. Rxh4 Bc5 30. Bg4 f5 31. exf6 Re8 32. Kf1 Bd6 33. Bd7 Re5 34. Rd4 Bc7 35. f4 Rc5 36. Be6+ Kf8 37. Rd7 1-0

[Event "Dieren op"]
[Site "Dieren"]
[Date "2018.07.28"]
[Round "5"]
[White "Floor, Dirk"]
[Black "Bosboom, Manuel"]
[Result "1/2-1/2"]
[WhiteElo "2196"]
[BlackElo "2403"]
[PlyCount "56"]
[EventDate "2018.07.24"]
[EventType "tourn"]
[EventRounds "9"]
[EventCountry "NED"]
[SourceTitle "CBM 185 Extra"]
[Source "ChessBase"]
[SourceDate "2018.07.29"]
[SourceVersion "1"]
[SourceVersionDate "2018.07.29"]
[SourceQuality "1"]

1. e4 g6 2. d4 Bg7 3. Nc3 c6 4. Be3 d5 5. Qd2 h5 6. Nf3 Nh6 7. Bd3 dxe4 8. Bxe4 Nd7 9. 0-0-0 Nf6 10. Bd3 Bg4 11. Be2 Bxf3 12. Bxf3 Nf5 13. h3 Qa5 14. g4 Nd6 15. a3 0-0-0 16. Qe2 hxg4 17. hxg4 Nd5 18. Bd2 Nxc3 19. Bxc3 Qg5+ 20. Bd2 Qf6 21. c3 e6 22. Bg2 Nb5 23. Be3 Kb8 24. Qd2 Qe7 25. Bg5 f6 26. Bf4+ Ka8 27. Rxh8 Bxh8 28. Bg3 f5 1/2-1/2

[Event "Maastricht Limburg op"]
[Site "Maastricht"]
[Date "2008.05.12"]
[Round "6"]
[White "Floor, Dirk"]
[Black "Goudriaan, Etienne"]
[Result "1-0"]
[WhiteElo "2221"]
[BlackElo "2117"]
[PlyCount "55"]
[EventDate "2008.05.09"]
[EventType "swiss"]
[EventRounds "7"]
[EventCountry "NED"]
[SourceTitle "EXT 2009"]
[Source "ChessBase"]
[SourceDate "2008.11.26"]
[SourceVersion "1"]
[SourceVersionDate "2008.11.26"]
[SourceQuality "1"]

1. e4 c5 2. Nf3 d6 3. d4 cxd4 4. Nxd4 Nf6 5. Nc3 a6 6. h3 g6 7. g3 Nc6 8. Bg2 Bg7 9. Be3 Ne5 10. 0-0 0-0 11. a4 Rb8 12. b3 Qc7 13. Nd5 Nxd5 14. exd5 Qc3 15. a5 Nd7 16. Ra2 Nf6 17. Ne2 Qb4 18. c4 Bd7 19. Nc1 Bf5 20. Bd4 Bh6 21. f4 Nh5 22. Kh2 Rfc8 23. Nd3 Bxd3 24. Qxd3 e5 25. dxe6 fxe6 26. Re2 Nxf4 27. gxf4 Bxf4+ 28. Rxf4 1-0

[Event "Maastricht Limburg op"]
[Site "Maastricht"]
[Date "2008.05.11"]
[Round "5"]
[White "Luther, Thomas"]
[Black "Floor, Dirk"]
[Result "1-0"]
[WhiteElo "2539"]
[BlackElo "2221"]
[PlyCount "61"]
[EventDate "2008.05.09"]
[EventType "swiss"]
[EventRounds "7"]
[EventCountry "NED"]
[SourceTitle "EXT 2009"]
[Source "ChessBase"]
[SourceDate "2008.11.26"]
[SourceVersion "1"]
[SourceVersionDate "2008.11.26"]
[SourceQuality "1"]

1. e4 e6 2. d4 d5 3. Nd2 Nf6 4. e5 Nfd7 5. Bd3 c5 6. c3 Nc6 7. Ne2 cxd4 8. cxd4 f6 9. exf6 Nxf6 10. Nf3 Bd6 11. 0-0 Qc7 12. Bg5 0-0 13. Bh4 Nh5 14. Bg3 Nxg3 15. hxg3 a6 16. Rc1 g6 17. Bc2 Qg7 18. Ba4 Ne7 19. Qd2 b5 20. Bb3 Qf6 21. Nf4 Bxf4 22. Qxf4 Qxf4 23. gxf4 Rxf4 24. Rc7 Nf5 25. Rfc1 Nd6 26. Ne5 Nc4 27. Bxc4 dxc4 28. b3 Rxd4 29. bxc4 Re4 30. Rd1 Bb7 31. Nd7 1-0

[Event "Vlissingen HZ op 09th"]
[Site "Vlissingen"]
[Date "2005.08.10"]
[Round "5"]
[White "Floor, Dirk"]
[Black "Martens, Martin"]
[Result "1-0"]
[WhiteElo "2214"]
[BlackElo "2423"]
[PlyCount "93"]
[EventDate "2005.08.06"]
[EventType "swiss"]
[EventRounds "9"]
[EventCountry "NED"]
[SourceTitle "CBM 107 Extra"]
[Source "ChessBase"]
[SourceDate "2005.09.01"]
[SourceVersion "1"]
[SourceVersionDate "2005.09.01"]
[SourceQuality "1"]

1. d4 d5 2. c4 e5 3. dxe5 d4 4. Nf3 Nc6 5. g3 Nge7 6. Bg2 Ng6 7. Bf4 Be6 8. Nbd2 f6 9. Qa4 fxe5 10. Nxe5 Ngxe5 11. Bxe5 Bd7 12. Qb5 a6 13. Qxb7 Ra7 14. Qxc6 Bxc6 15. Bxc6+ Kf7 16. 0-0-0 Bc5 17. Bd5+ Kg6 18. Nf3 Re8 19. e3 c6 20. Be4+ Kf7 21. exd4 Bd6 22. Bxc6 Ree7 23. Bd5+ Ke8 24. Rhe1 Rac7 25. Kb1 Bxe5 26. dxe5 Qb8 27. e6 Qb6 28. Re3 g6 29. Rdd3 Kf8 30. Ne5 Kg7 31. a3 a5 32. f4 Rc8 33. Nd7 Qc7 34. Re5 Rd8 35. Rde3 a4 36. g4 Qd6 37. f5 Rdxd7 38. exd7 Rxe5 39. Rxe5 Qxd7 40. Re6 gxf5 41. gxf5 Qa7 42. f6+ Kf8 43. Rc6 Qb7 44. f7 Qd7 45. Ra6 Kg7 46. Ra8 Qf5+ 47. Ka2 1-0

[Event "Ghent op 28th"]
[Site "Ghent"]
[Date "2005.07.17"]
[Round "4"]
[White "Sowray, Peter John"]
[Black "Floor, Dirk"]
[Result "1-0"]
[WhiteElo "2364"]
[BlackElo "2214"]
[PlyCount "89"]
[EventDate "2005.07.16"]
[EventType "swiss"]
[EventRounds "9"]
[EventCountry "BEL"]
[SourceTitle "CBM 107 Extra"]
[Source "ChessBase"]
[SourceDate "2005.09.01"]
[SourceVersion "1"]
[SourceVersionDate "2005.09.01"]
[SourceQuality "1"]

1. Nf3 d5 2. d4 Nc6 3. c4 Bg4 4. e3 e6 5. Nc3 a6 6. Qa4 Bxf3 7. gxf3 Nf6 8. Bd2 Qd7 9. Rc1 Be7 10. cxd5 exd5 11. Bb5 0-0 12. Bxc6 bxc6 13. Ne2 Qf5 14. f4 h5 15. Qc2 Qh3 16. Ng3 g6 17. Rg1 Ng4 18. Qxc6 Qxh2 19. Ke2 Nxf2 20. Kf3 Ne4 21. Nxe4 dxe4+ 22. Kxe4 Bd6 23. Kd3 Qh3 24. Qd5 Kh7 25. f5 Qxf5+ 26. Qxf5 gxf5 27. Rg5 f6 28. Rxh5+ Kg6 29. Rch1 Rg8 30. Kc4 Rab8 31. Bc3 Rbe8 32. Kd3 Re4 33. Rh6+ Kf7 34. Rh7+ Ke6 35. R1h3 Rg3 36. Rxg3 Bxg3 37. Rh5 c6 38. Rh7 Bf2 39. Bd2 Rh4 40. Rc7 Kd6 41. Ra7 Rh3 42. Kc4 Bxe3 43. Bb4+ c5 44. Bxc5+ Kc6 45. d5# 1-0

[Event "Vlissingen HZ op 08th"]
[Site "Vlissingen"]
[Date "2004.08.09"]
[Round "4"]
[White "Werle, Jan"]
[Black "Floor, Dirk"]
[Result "1-0"]
[WhiteElo "2449"]
[BlackElo "2181"]
[PlyCount "129"]
[EventDate "2004.08.07"]
[EventType "swiss"]
[EventRounds "9"]
[EventCountry "NED"]
[SourceTitle "CBM 101 Extra"]
[Source "ChessBase"]
[SourceDate "2004.09.01"]
[SourceVersion "2"]
[SourceVersionDate "2004.09.01"]
[SourceQuality "1"]

1. Nf3 d5 2. d4 Nf6 3. c4 e6 4. Nc3 Be7 5. Bg5 h6 6. Bh4 0-0 7. e3 b6 8. Be2 Bb7 9. Bxf6 Bxf6 10. cxd5 exd5 11. 0-0 Nd7 12. Qb3 c6 13. a4 a5 14. Rfe1 Re8 15. e4 c5 16. Nxd5 cxd4 17. Bc4 Nc5 18. Qxb6 Qxb6 19. Nxb6 Rab8 20. Bd5 Nd3 21. Red1 Nxb2 22. Rd2 Bxd5 23. Nxd5 Nxa4 24. Nxf6+ gxf6 25. Rxd4 Nc3 26. Rd3 Nxe4 27. g3 Nc5 28. Rc3 Nb7 29. Rb3 Nd6 30. Rxb8 Rxb8 31. Rxa5 Rb1+ 32. Kg2 Rb2 33. Ra4 f5 34. Rf4 Kg7 35. Ne5 Re2 36. Nc6 h5 37. Nd4 Re5 38. Rh4 Kg6 39. Kf3 Rd5 40. Ne2 Rd3+ 41. Kg2 Rd2 42. Nf4+ Kg7 43. Nxh5+ Kg6 44. Nf4+ Kg7 45. Nh3 Kf6 46. Rf4 Kg6 47. Ng1 Ra2 48. Nf3 Rb2 49. Nh4+ Kg5 50. Nf3+ Kg6 51. Ne5+ Kf6 52. Nc4 Nxc4 53. Rxc4 Kg6 54. Rc6+ f6 55. Rc3 Ra2 56. Kf3 Rb2 57. h4 Ra2 58. Rd3 Rb2 59. Ke3 Rb4 60. Rd4 Rb2 61. Ra4 Rb3+ 62. Kf4 Rb7 63. Kf3 Rb3+ 64. Kg2 Rb2 65. Rf4 1-0